| 000 | 00881nam a2200229 a 4500 | ||
|---|---|---|---|
| 001 | 78961 | ||
| 003 | BD-RjUL | ||
| 005 | 20211209083209.0 | ||
| 008 | 211202r20202015bg ||||| |||| 00| 0 ben d | ||
| 020 |
_a9847012004388 _c: 150.00 |
||
| 035 | _a(BD-RjUL)79188 | ||
| 040 |
_aBD-RjUL _beng _cBD-RjUL |
||
| 041 | _aben | ||
| 082 |
_223 _a891.443 _bISB 2020 |
||
| 100 |
_aইসলাম, আমীরুল _9250971 |
||
| 245 | 1 | 0 |
_aবঙ্গবন্ধু ও মুক্তিযুদ্ধের গল্প / _cআমীরুল ইসলাম |
| 260 |
_aঢাকা : _bকথাপ্রকাশ, _c২০২০ |
||
| 300 |
_a৮৭ পৃ.; _c২২ সেমি. |
||
| 650 |
_aবাংলা গল্প (মুক্তিযুদ্ধের গল্প ) _9250972 |
||
| 650 |
_aBengali stories (The story of the liberation war ) _9250973 |
||
| 942 |
_2ddc _cBK |
||
| 999 |
_c78961 _d78961 |
||